000 00769nac a22001931u 4500
008 100831t xxu||||| |||| 00| 0 eng d
020 _a9812548521
082 0 0 _a004.22
_bP2731
100 _aPartasarathy, K. A.
_917751
245 1 0 _aAdvanced computer architecture /
_cK. A. Partasarathy, A. Ramachandran, R. Purushothaman.
260 _aAustralia :
_bThomson ,
_cc2004.
300 _a436 p. :
_bill. ;
_c24 cm.
500 _aIncludes index.
650 0 _aComputer architecture.
_917752
700 1 _aRamachandran, A.
_917753
700 1 _aPurushothaman, R.
_917754
942 _cBB
_k004.22P2731
_2ddc
999 _c750
_d750